| 000 -LEADER |
| fixed length control field |
01565nam a2200277 a 4500 |
| 001 - CONTROL NUMBER |
| control field |
ASIN030017201X |
| 005 - DATE AND TIME OF LATEST TRANSACTION |
| control field |
20170105102927.0 |
| 008 - FIXED-LENGTH DATA ELEMENTS--GENERAL INFORMATION |
| fixed length control field |
131212s2012 xxu eng d |
| 020 ## - INTERNATIONAL STANDARD BOOK NUMBER |
| International Standard Book Number |
030017201X (paperback) |
| Terms of availability |
$35.00 |
| 020 ## - INTERNATIONAL STANDARD BOOK NUMBER |
| International Standard Book Number |
9780300172010 (paperback) |
| 040 ## - CATALOGING SOURCE |
| Original cataloging agency |
0 |
| 050 04 - LIBRARY OF CONGRESS CALL NUMBER |
| Classification number |
DR576 |
| 082 04 - DEWEY DECIMAL CLASSIFICATION NUMBER |
| Classification number |
320.5409561 |
| Author Mark |
OZK 2012 |
| 100 1# - MAIN ENTRY--PERSONAL NAME |
| Personal name |
(Ozkan), Behlul (Behlul) Ozkan. |
| 245 10 - TITLE STATEMENT |
| Title |
From the abode of islam to the turkish vatan : |
| Remainder of title |
the making of a national homeland in turkey / |
| Statement of responsibility, etc. |
Behlul (Behlul) Ozkan (Ozkan) |
| 260 ## - PUBLICATION, DISTRIBUTION, ETC. |
| Place of publication, distribution, etc. |
[S.l.] : |
| Name of publisher, distributor, etc. |
Yale University Press, |
| Date of publication, distribution, etc. |
2012. |
| 300 ## - PHYSICAL DESCRIPTION |
| Extent |
288 p. ; |
| Dimensions |
24 cm. |
| 520 ## - SUMMARY, ETC. |
| Summary, etc. |
How does a people move from tribal and religiously based understandings of society to a concept of the modern nation-state? This book examines the complex and pivotal case of Turkey. Tracing the shifting valences of vatan (Arabic for “birthplace” or “homeland”) from the Ottoman period—when it signified a certain territorial integrity and imperial ideology—through its acquisition of religious undertones and its evolution alongside the concept of millet (nation), Behlül Özkan engages readers in the fascinating ontology of Turkey’s protean imagining of its nationhood and the construction of a modern national-territorial consciousness. |
| 650 #0 - SUBJECT ADDED ENTRY--TOPICAL TERM |
| Topical term or geographic name entry element |
Boundaries |
| 650 #0 - SUBJECT ADDED ENTRY--TOPICAL TERM |
| Topical term or geographic name entry element |
International relations |
| 650 #0 - SUBJECT ADDED ENTRY--TOPICAL TERM |
| Topical term or geographic name entry element |
National characteristics, Turkish |
| 650 #0 - SUBJECT ADDED ENTRY--TOPICAL TERM |
| Topical term or geographic name entry element |
Nationalism |
| 650 #0 - SUBJECT ADDED ENTRY--TOPICAL TERM |
| Topical term or geographic name entry element |
Turkey |
| 856 40 - ELECTRONIC LOCATION AND ACCESS |
| Materials specified |
Amazon.com |
| Uniform Resource Identifier |
<a href="http://www.amazon.com/exec/obidos/ASIN/030017201X/chopaconline-20">http://www.amazon.com/exec/obidos/ASIN/030017201X/chopaconline-20</a> |
| 942 ## - ADDED ENTRY ELEMENTS (KOHA) |
| Source of classification or shelving scheme |
|
| Koha item type |
Book |